| 000 | 01223cam a2200229 4500 | ||
|---|---|---|---|
| 001 | 8421 | ||
| 005 | 20181127185904.0 | ||
| 008 | 000228s2000 enk b 001 0 eng | ||
| 010 | _a 00027863 | ||
| 020 | _a0192893173 (pbk.) | ||
| 082 | 0 | 0 |
_a907/.2 _221 |
| 100 | 1 |
_aThompson, Paul, _d1935- |
|
| 245 | 1 | 4 |
_aThe voice of the past : _boral history / _cPaul Thompson. |
| 250 | _a3rd ed. | ||
| 260 |
_aOxford [England] ; _aNew York : _bOxford University Press, _cc2000. |
||
| 300 |
_axii, 368 p. ; _c20 cm. |
||
| 504 | _aIncludes bibliographical references and index. | ||
| 505 |
_aCONTENTS : History and the Community ; Historians and Oral History ; The Achievement of Oral History ; Evidence ; Memory and the Self ; Projects ; The Interview ; Storing and Sifting ; Interpretation: The Making of History ; Further Reading and Notes ; A Life-Story Interview Guide ; Index _g _r _t |
||
| 520 | _aThe author offers advice on designing an oral history project; discusses reliability of oral evidence; considers the context of the development of historical writing including its social function; and looks at memory, the self and the use of drama and therapy. | ||
| 650 | 0 |
_aHistory _xMethodology. |
|
| 650 | 0 | _aOral history. | |
| 999 |
_c7280 _d7280 |
||